Città metropolitane in Italia - Statistics

Statistiche generali
  • Questo quiz è stato fatto 81 volte
  • Il punteggio medio è 12 su 14
Statistiche sulle risposte
Abitanti Città metropolitana % Corretto
3 229 648 Milano
100%
1 012 595 Bologna
98%
4 215 861 Roma
98%
1 221 670 Bari
97%
2 959 932 Napoli
97%
1 197 231 Palermo
97%
2 192 785 Torino
97%
984 110 Firenze
91%
832 361 Venezia
89%
1 068 693 Catania
88%
812 937 Genova
86%
419 399 Cagliari
78%
597 358 Messina
66%
514 666 Reggio Calabria
48%
Nessun quiz corrispondente trovato
Distribuzione punteggi
Percentuale di utenti per punteggio
Percentile per numero di risposta
I tuoi punteggi nel tempo
Non hai fatto questo quiz